000 00817nam a2200265Ia 4500
003 OSt
005 20220918171352.0
006 a|||||r|||| 00| 0
007 ta
008 220917b |||||||| |||| 00| 0 eng d
020 _a9781555706357 (pbk)
_c3767.40
024 _a256,498
037 _bIN4436, 13/12/2011, New India Book Agency
_cTextual
040 _aARTS
_cARTS
_beng
041 _2eng
_aeng
082 _a2:97(D65,8(B)), P8
100 _aZeng Marcia Lei
_936135
245 0 _aMetadata
260 _aNew York
_bNeal Schuman Publisher USA
_c2008
300 _axvii,365p.
_ccm.
650 _aLIBRARY SCIENCE
700 _a Qin Jian
_936136
942 _h2:97(D65,8(B)), P8
_cTEXL
_2CC
999 _c139239
_d139239